All Airliners with 737's (HARD) - Statistics

General Stats
  • This quiz has been taken 38 times
    37 since last reset
  • The average score is 34 of 124
Answer Stats
Amount Country Airlines % Correct
358 United States American
96%
240 United States Delta
96%
537 Ireland Ryanair
96%
122 China Air China
89%
815 United States Southwest
86%
472 United States United
86%
40 Canada Air Canada
82%
12 Taiwan China
82%
13 United Kingdom Ryanair UK
82%
298 Ireland Ryanair DAC
79%
42 Netherlands KLM
75%
141 China China Eastern
71%
80 Turkey Turkish
71%
86 Mexico AeroMexico
68%
209 China China Southern
68%
75 Australia Qantas
68%
37 Russia Aeroflot
64%
225 United States Alaska
64%
73 China China Eastern Yunnan
64%
23 South Korea Korean Air
61%
162 Malta Malta Air
57%
104 Canada WestJet
57%
24 Israel El Al
54%
43 Japan Japan
54%
26 Oman Oman Air
50%
23 Singapore Singapore
50%
93 Panama Copa
43%
29 Egypt EgyptAir
43%
39 Ethiopia Ethiopian
43%
38 Indonesia Garuda Indonesia
43%
18 Iceland Icelandair
43%
49 India Air India Express
39%
80 United Arab Emirates flydubai
39%
137 Brazil GOL
39%
143 China Hainan
39%
96 Indonesia Lion Air
39%
16 Poland LOT Polish
39%
30 Morocco Royal Air Maroc
39%
21 Belgium TUI
39%
137 China Xiamen Air
39%
36 South Korea Jeju Air
36%
54 United States Sun Country
36%
48 United Kingdom TUI Airways
36%
39 Japan All Nippon Airways
32%
64 Poland Buzz
32%
12 Kenya Kenya Airways
32%
46 Malaysia Malaysia
32%
86 Australia Virgin Australia
32%
50 Argentina Aerolineas Argentinas
29%
32 Algeria Air Algerie
29%
16 Iraq Iraqi Airways
29%
17 Turkey Pegasus
29%
81 China Shenzhen
29%
34 Czech Republic Smartwings
29%
23 Indonesia Batik Air
25%
96 United Kingdom Jet2.com
25%
21 Spain Air Europa
21%
33 Poland Enter Air
21%
19 Russia S7 Airlines
21%
60 Turkey SunExpress
21%
39 Canada Sunwing
21%
12 Turkmenistan Turkmenistan
21%
20 Turkey Corendon
18%
33 China Lucky Air
18%
12 Russia Rossiya
18%
79 China Shanghai
18%
23 China 9 Air
14%
13 Nigeria Air Peace
14%
20 United States Avelo
14%
27 South Africa FlySafair
14%
25 South Korea Jin Air
14%
16 Canada Swoop
14%
28 South Korea T'way Air
14%
43 Russia UTair
14%
21 India Akasa Air
11%
10 Dominican Republic Arajet
11%
20 Canada Flair Airlines
11%
14 Thailand Nok Air
11%
29 Japan Skymark
11%
14 Japan Solaseed Air
11%
33 India SpiceJet
11%
55 Turkey AnadoluJet
7%
31 Malaysia Batik Air Malaysia
7%
17 Bolivia BoA
7%
17 Canada Canadian North
7%
23 China Donghai
7%
16 China Fuzhou
7%
23 China Ruili
7%
19 Kazakhstan SCAT
7%
18 Brazil Sideral
7%
16 China Urumqi Air
7%
56 China China United
4%
13 China Dalian Airlines
4%
13 Japan Japan Transocean Air
4%
10 China Jiangxi Air
4%
30 China Kunming
4%
11 Russia Nordwind
4%
22 China Okay
4%
41 Russia Pobeda
4%
133 China Shangdong
4%
11 Russia Smartavia
4%
10 China Suparna
4%
11 Sudan Tarco
4%
11 China Air Changan
0%
16 New Zealand Airwork
0%
11 Togo Asky
0%
23 Ireland ASL Ireland
0%
11 Venezuela Avior
0%
12 France Europe Airpost
0%
12 Argentina Flybondi
0%
25 China Hebei
0%
43 United States iAero Airways
0%
15 United States Kalitta Charters
0%
11 China Longhao
0%
11 Indonesia NAM Air
0%
11 Canada Nolinor Aviation
0%
31 Sweden Norwegian Air Sweden
0%
39 Norway Norweigean Air Shuttle
0%
16 Spain Swiftair
0%
17 Thailand Thai Lion Air
0%
44 Netherlands Transvia
0%
71 France Transvia France
0%
23 Germany TUI Deutschland
0%
11 United Kingdom West Atlantic UK
0%
No matching quizzes found
Score Distribution
Percent of People with Each Score
Percentile by Number Answered
Your Score History
You have not taken this quiz since the last reset